All Formula One Pole Sitters Ever - Statistics

General Stats
  • This quiz has been taken 1,192 times
    304 since last reset
  • The average score is 66 of 96
Answer Stats
Nationality Poles Active Years Driver % Correct
Germany 68 1991-2006, 2010-12 Michael Schumacher
98%
Germany 6 1997-2007 Ralf Schumacher
98%
Brazil 65 1984-94 Ayrton Senna
97%
Monaco 27 2018-present Charles Leclerc
97%
UK 104 2007-present Lewis Hamilton
97%
Finland 18 2001-09, 2012-21 Kimi Räikkönen
96%
Netherlands 48 2015-present Max Verstappen
96%
Austria 24 1971-79, 1982-85 Niki Lauda
95%
Australia 6 2023-present Oscar Piastri
95%
Germany 57 2007-22 Sebastian Vettel
95%
Finland 20 2013-24, 2026-present Valtteri Bottas
95%
France 33 1980-91, 1993 Alain Prost
94%
Australia 3 2011-24 Daniel Ricciardo
94%
Spain 22 2001, 2003-18, 2021-present Fernando Alonso
94%
Finland 5 1978-86 Keke Rosberg
94%
Canada 1 2017-present Lance Stroll
94%
Germany 30 2006-16 Nico Rosberg
94%
Argentina 29 1950-51, 1953-58 Juan Manuel Fangio
93%
Australia 13 2002-13 Mark Webber
93%
Finland 26 1991-2001 Mika Häkkinen
93%
Mexico 3 2011-24, 2026-present Sergio Pérez
93%
Spain 6 2015-present Carlos Sainz Jr.
92%
UK 7 2019-present George Russell
92%
Canada 2 1977-82 Gilles Villeneuve
92%
Canada 13 1996-2006 Jacques Villeneuve
92%
Denmark 1 2014-20, 2022-24 Kevin Magnussen
92%
UK 16 2019-present Lando Norris
92%
Germany 1 2010, 2012-20, 2022-present Nico Hülkenberg
91%
Brazil 16 2002, 2004-17 Felipe Massa
89%
Brazil 14 1993-2011 Rubens Barrichello
89%
UK 20 1992-99 Damon Hill
88%
UK 13 1958-75 Graham Hill
87%
USA 6 1958-64, 1966 Phil Hill
87%
Colombia 13 2001-06 Juan Pablo Montoya
86%
Brazil 24 1978-91 Nelson Piquet
86%
Italy 14 1950-55 Alberto Ascari
84%
Poland 1 2006-10, 2019, 2021 Robert Kubica
84%
Australia 13 1955-70 Jack Brabham
83%
UK 32 1980-92, 1994-95 Nigel Mansell
82%
Brazil 6 1970-80 Emerson Fittipaldi
81%
UK 8 2000-17 Jenson Button
80%
Venezuela 1 2011-15 Pastor Maldonado
80%
Italy 5 1950-55 Giuseppe Farina
79%
UK 17 1965-73 Jackie Stewart
79%
Belgium 13 1967-79 Jacky Ickx
78%
USA 18 1968-72, 1974-82 Mario Andretti
78%
South Africa 3 1972-80 Jody Scheckter
77%
UK 14 1973-79 James Hunt
76%
UK 33 1960-68 Jim Clark
76%
UK 12 1994-2008 David Coulthard
75%
Austria 12 1984-97 Gerhard Berger
75%
Finland 1 2007-13 Heikki Kovalainen
75%
Australia 6 1975-81,1983, 1985-86 Alan Jones
74%
Austria 10 1964-70 Jochen Rindt
73%
Argentina 6 1972-82 Carlos Reutemann
69%
New Zealand 1 1965-74 Denny Hulme
69%
UK 16 1950-62 Stirling Moss
68%
Italy 4 1996-2009 Giancarlo Fisichella
67%
Italy 4 1997-2011 Jarno Trulli
67%
Sweden 14 1970-78 Ronnie Peterson
65%
France 2 1989-2001 Jean Alesi
64%
Switzerland 5 1970-80 Clay Regazzoni
62%
Italy 8 1977-93 Riccardo Patrese
62%
Germany 2 1994-2003 Heinz-Harald Frentzen
60%
UK 8 1960-72 John Surtees
60%
Germany 1 2000-11 Nick Heidfeld
60%
UK 4 1952-58 Mike Hawthorn
59%
France 18 1977-89 René Arnoux
59%
Argentina 3 1950-57, 1960 José Froilan Gonzalez
52%
France 7 1974-86 Jacques Laffite
51%
Italy 2 1981-94 Michele Alboreto
51%
Belgium 1 1983-93 Thierry Boutsen
49%
(West) Germany 1 1956-61 Wolfgang von Trips
48%
France 4 1978-82 Didier Pironi
47%
Brazil 1 1972-77 José Carlos Pace
47%
Italy 3 1979-86 Elio de Angelis
44%
France 6 1974-75, 1977-81 Jean-Pierre Jabouille
42%
Italy 1 1980-94 Andrea de Cesaris
40%
UK 3 1956-61 Tony Brooks
40%
USA 3 1959-68, 1970 Dan Gurney
39%
France 5 1977-86 Patrick Tambay
39%
France 1 1972, 1974-80 Patrick Depailler
38%
UK 2 1973-83, 1985 John Watson
35%
New Zealand 5 1963-76 Chris Amon
34%
Sweden 1 1956-71 Jo Bonnier
34%
Switzerland 2 1962-71 Jo Siffert
33%
Italy 1 1961-67 Lorenzo Bandini
29%
USA 1 1964, 1971-74 Peter Revson
29%
France 3 1971, 1973-83 Jean-Pierre Jarier
26%
Italy 1 1974-80 Vittorio Brambilla
25%
Italy 1 1955-57 Eugenio Castellotti
19%
Italy 1 1977-83, 1990 Bruno Giacomelli
16%
Italy 3 1982, 1984-87 Teo Fabi
16%
UK 1 1974-77 Tom Pryce
15%
UK 2 1957-58 Stuart Lewis-Evans
11%
UK 1 1959, 1966-67 Mike Parkes
9%
No matching quizzes found
Score Distribution
Percent of People with Each Score
Percentile by Number Answered
Your Score History
You have not taken this quiz since the last reset